| 000 | 00632nam a2200181Ia 4500 | ||
|---|---|---|---|
| 008 | 191130s1999##################000#0#eng## | ||
| 040 |
_aACL _cACL |
||
| 082 | _a302.4 SAT | ||
| 100 | _aSatish, S | ||
| 245 |
_aThe World Bank policy on indigenous peoples : India consultations on the approach paper for revision of operational directive 4.20 _cJakob Kronik, Dorte Verner |
||
| 260 |
_aIndia _bSASSD _c1999 |
||
| 300 | _a69 p. 30 cm | ||
| 500 | _aIncludes bibliographical references and index | ||
| 650 | _aIndigenous peoples -- India | ||
| 990 | _aa94db1e6ac10000c56ce7a0a3dfa4c7b | ||
| 991 | _a218680 | ||
| 999 |
_c76307 _d76307 |
||